[Event "Politiken Cup"]
[Site "Copenhagen"]
[Date "1999.07.08"]
[Round "6"]
[White "Sylvan, Jacob"]
[Black "Jakobsen, Ole"]
[Result "1/2-1/2"]
[WhiteElo "2271"]
[BlackElo "2398"]

1.e4 g6 2.d4 d6 3.Nc3 Bg7 4.Be3 a6 5.Qd2 b5 6.f3 Nd7 7.g4 Bb7 8.Nge2 h6 9.h4 Ngf6
10.Ng3 h5 11.g5 Nh7 12.f4 b4 13.Nd1 c5 14.c3 bxc3 15.bxc3 O-O 16.Bd3 Qa5
17.Rh2 Rfc8 18.Rf2 Nhf8 19.f5 Bc6 20.fxg6 fxg6 21.Bc4+ e6 22.Rc1 Bb5 23.Bb3 cxd4
24.cxd4 Qxd2+ 25.Kxd2 Nb6 26.Nb2 a5 27.a4 Bd7 28.Rff1 Rab8 29.Rc3 Rxc3 30.Kxc3 d5
31.e5 Be8 32.Ne2 Rc8+ 33.Kd3 Nfd7 34.Rc1 Rb8 35.Bd2 Na8 36.Kc2 Nc7  1/2-1/2

[Event "SVK-ch"]
[Site "Nove Zamky"]
[Date "1999.07.08"]
[Round "6"]
[White "Janko, Ladislav"]
[Black "Kebis, Milos"]
[Result "1-0"]
[WhiteElo "2206"]
[BlackElo "2069"]

1.e4 g6 2.d4 Bg7 3.Nc3 d6 4.Bg5 h6 5.Be3 Nf6 6.f3 O-O 7.Qd2 Kh7 8.Bd3 Nbd7
9.Nge2 e5 10.O-O-O c6 11.g4 b5 12.g5 Ng8 13.f4 exf4 14.Bxf4 Qe7 15.h4 h5
16.Rde1 b4 17.Nd1 c5 18.e5 Bb7 19.Rhf1 d5 20.Ng3 c4 21.Nxh5 cxd3 22.Nf6+ Bxf6
23.exf6 Qd8 24.h5 Ngxf6 25.gxf6 g5 26.Qxd3+ Kh8 27.Bxg5 Qa5 28.Bh6 b3 29.Bg7+ Kg8
30.h6 Nxf6 31.Bxf6  1-0

[Event "Politiken Cup"]
[Site "Copenhagen"]
[Date "1999.07.13"]
[Round "10"]
[White "Van der Weide, Karel"]
[Black "Hoi, Carsten"]
[Result "0-1"]
[WhiteElo "2434"]
[BlackElo "2394"]

1.e4 g6 2.d4 Bg7 3.Nc3 d6 4.g3 Nc6 5.Be3 e5 6.dxe5 Nxe5 7.h3 Be6 8.Bg2 Ne7
9.Nge2 O-O 10.O-O Nc4 11.Bc1 c6 12.Nf4 Qd7 13.Qe2 b5 14.Rd1 Rac8 15.Kh2 b4
16.Na4 c5 17.Rb1 Ne5 18.b3 Qc7 19.Nxe6 fxe6 20.f4 N5c6 21.Qc4 Nd4 22.c3 bxc3
23.Nxc3 Kh8 24.Nb5 Qd7 25.Nxd4 cxd4 26.Qe2 e5 27.a4 Nc6 28.Bd2 a5 29.Rf1 Rb8
30.h4 exf4 31.gxf4 Qe7 32.Qg4 Nb4 33.Kh1 Rbc8 34.Rbc1 Rxc1 35.Rxc1 Nd3 36.Rf1 Nc5
37.f5 gxf5 38.exf5 Bf6 39.Re1 Qc7 40.Bg5 Qg7 41.Qh5 Bxg5 42.hxg5 Rxf5 43.Re8+ Rf8
44.Rxf8+ Qxf8 45.Qh4 Nxb3 46.g6 Kg7 47.Qxh7+ Kf6 48.Qf7+ Qxf7 49.gxf7 Ke7
50.Kg1 Nc5 51.Bd5 Nxa4  0-1

[Event "Politiken Cup"]
[Site "Copenhagen"]
[Date "1999.07.14"]
[Round "11"]
[White "Carlsson, Pontus"]
[Black "Hoff, Terje"]
[Result "1-0"]
[WhiteElo "2186"]
[BlackElo "2040"]

1.e4 g6 2.d4 Bg7 3.Nc3 d6 4.Be3 c6 5.Qd2 Nd7 6.Nf3 h6 7.h3 Qc7 8.a4 b6 9.Be2 Ngf6
10.O-O d5 11.Bf4 Qd8 12.exd5 Nxd5 13.Nxd5 cxd5 14.Bb5 Bb7 15.Rfe1 Kf8 16.a5 bxa5
17.Qxa5 Nb6 18.Ne5 Bf6 19.Nc6 Bxc6 20.Bxc6 Rc8 21.Qc5 Nd7 22.Qxd5 Rxc6 23.Qxc6 Bxd4
24.Rad1 e5 25.c3 Nb8 26.Qb7 exf4 27.Rxd4 Qb6 28.Qxb6 axb6 29.Rd8+  1-0

[Event "Arthur Dake Int"]
[Site "San Francisco"]
[Date "1999.07.14"]
[Round "4"]
[White "Bhat, Vinay S"]
[Black "Ginsburg, Mark"]
[Result "1/2-1/2"]
[WhiteElo "2388"]
[BlackElo "2381"]

1.e4 g6 2.d4 Bg7 3.Nc3 d6 4.Be3 a6 5.a4 Nc6 6.h3 Nf6 7.g3 e5 8.Nge2 d5 9.dxe5 Nxe5
10.Bg2 Nc4 11.Bd4 dxe4 12.Nxe4 O-O 13.Nc5 Qe7 14.O-O Rd8 15.Nd3 Ne4 16.Bxg7 Kxg7
17.Nef4 Nc5 18.Nd5 Qd6 19.Nxc5 Qxc5 20.b4 Qd6 21.Qd4+ Qe5 22.Qxc4 Be6 23.Qxc7 Rxd5
24.Qxb7 Rb8 25.Qxa6 Rd6 26.Qa5 Qxa5 27.bxa5 Ra6 28.Rfb1 Rxb1+ 29.Rxb1 Rxa5
30.Rb4 Rc5 31.Rb2 Ra5 32.Bc6 Rc5 33.Bb5 Bxh3 34.a5 Rc3 35.a6 Be6 36.Bd3 Ra3
37.Kf1 h5 38.Ke1 g5 39.Rb6 h4 40.gxh4 gxh4  1/2-1/2

[Event "SCO-ch"]
[Site "Edinburgh"]
[Date "1999.07.18"]
[Round "3"]
[White "Motwani, Paul"]
[Black "McNab, Colin Anderson"]
[Result "1-0"]
[WhiteElo "2465"]
[BlackElo "2445"]

1.e4 g6 2.d4 Bg7 3.Nc3 d6 4.f4 Nc6 5.Bb5 Bd7 6.Nf3 e6 7.Be3 Nge7 8.Qd2 d5
9.O-O-O a6 10.Bxc6 Bxc6 11.e5 h5 12.Bf2 Nf5 13.g3 Bf8 14.h3 Be7 15.g4 Ng7
16.Rdg1 b5 17.Nd1 b4 18.Ne3 Qd7 19.Bh4 Bxh4 20.Nxh4 Qe7 21.Nf3 hxg4 22.hxg4 O-O-O
23.Rh2 Rxh2 24.Qxh2 Qf8 25.Rh1 Bb5 26.Qd2 c5 27.dxc5 d4 28.Nxd4 Qxc5 29.Nb3 Qb6
30.Qf2 a5 31.Rd1 a4 32.Rxd8+ Qxd8 33.Nd2 Qd4 34.Nd1 Qd5 35.b3 Ne8 36.c4 bxc3
37.Nxc3 Qc6 38.Ne4 axb3 39.axb3 Bd3 40.Qc5 Bxe4 41.Nxe4 Qxc5+ 42.Nxc5 g5
43.fxg5 Kc7 44.Ne4 Kc6 45.Nd6  1-0

[Event "SCO-ch"]
[Site "Edinburgh"]
[Date "1999.07.19"]
[Round "4"]
[White "Buchanan, Walter F"]
[Black "McNab, Colin Anderson"]
[Result "0-1"]
[WhiteElo "2100"]
[BlackElo "2445"]

1.e4 g6 2.d4 Bg7 3.Nc3 d6 4.Be2 c6 5.Nf3 Nd7 6.O-O Qc7 7.a4 Ngf6 8.h3 O-O
9.Be3 b6 10.Qd2 Bb7 11.Bh6 a6 12.Qg5 e5 13.dxe5 dxe5 14.Qh4 Nh5 15.Bxg7 Kxg7
16.Rad1 Rae8 17.Ng5 Ndf6 18.Bxh5 Nxh5 19.Nxh7 Rh8 20.Ng5 f6 21.Nf3 Bc8 22.Rd3 Qe7
23.Nxe5 g5 24.Nxc6 Qc5 25.Rg3 Nxg3 26.Qxg3 Qxc6 27.f4 Rh6 28.Nd5 g4 29.hxg4 Reh8
30.g5 Rh1+ 31.Kf2 Rxf1+ 32.Kxf1 Rh1+ 33.Ke2 Qxc2+ 34.Ke3 Qc1+ 35.Ke2 Qd1+
36.Ke3 Re1+  0-1

[Event "Biel MTO"]
[Site "Biel"]
[Date "1999.07.20"]
[Round "10"]
[White "Gruenfeld, Yehuda"]
[Black "Rashkovsky, Nukhim N"]
[Result "1-0"]
[WhiteElo "2494"]
[BlackElo "2513"]

1.e4 g6 2.d4 Bg7 3.Nc3 d6 4.Be3 c6 5.Qd2 Nd7 6.Nf3 b5 7.Bd3 Bb7 8.h4 h5 9.Bg5 a6
10.e5 dxe5 11.dxe5 Nc5 12.O-O-O Nxd3+ 13.Qxd3 Qxd3 14.Rxd3 Bc8 15.Re1 Nh6
16.Nd4 Bf5 17.Rd2 Rc8 18.Red1 f6 19.exf6 exf6 20.Re1+ Kf7 21.Nxf5 Nxf5 22.Rd7+ Kg8
23.Bd2 Rh7 24.Ne4 Nxh4 25.Nd6 Rf8 26.Ree7 Nxg2 27.Ne8 h4 28.Rxg7+ Rxg7 29.Rxg7+ Kh8
30.Rxg6  1-0

[Event "Dutch Open"]
[Site "Dieren"]
[Date "1999.07.20"]
[Round "1"]
[White "Meijers, Viesturs"]
[Black "Van Wissen, Michiel E"]
[Result "1-0"]
[WhiteElo "2472"]
[BlackElo "2201"]

1.e4 g6 2.d4 Bg7 3.Nc3 d6 4.Be3 a6 5.a4 b6 6.Qd2 Bb7 7.Nf3 Nf6 8.Bh6 O-O
9.Bd3 Nbd7 10.h4 e5 11.d5 Nc5 12.Bxg7 Kxg7 13.b4 Nxd3+ 14.cxd3 c5 15.bxc5 bxc5
16.O-O Nh5 17.g3 Bc8 18.Rfb1 h6 19.Nh2 f5 20.exf5 gxf5 21.a5 Qf6 22.Rb6 Qg6
23.Kh1 Bd7 24.Rg1 Kh7 25.g4 fxg4 26.Ne4 Bf5 27.Nxd6 Rab8 28.Nxf5 Rxb6 29.axb6 Qxf5
30.b7 Qd7 31.Nxg4 Qxd5+ 32.Kh2 Qd6 33.Rb1 e4+ 34.Kg1 exd3 35.b8=Q Rxb8 36.Rxb8 Qxb8
37.Qxh6+ Kg8 38.Qxh5 Qf4 39.Ne3 c4 40.Qd5+ Kg7 41.Qxc4  1-0

[Event "Paris-ch"]
[Site "Paris"]
[Date "1999.07.20"]
[Round "4"]
[White "Mohebbi, Jafar"]
[Black "Shchekachev, Andrei"]
[Result "1/2-1/2"]
[WhiteElo "2292"]
[BlackElo "2505"]

1.d4 g6 2.e4 Bg7 3.Nc3 d6 4.Be3 c6 5.a4 Nf6 6.h3 O-O 7.Nf3 Qc7 8.a5 d5 9.exd5 cxd5
10.Be2 Nc6 11.Nb5 Qd8 12.Bf4 Bf5 13.Ne5 Nb4 14.Nd3 Bxd3 15.Bxd3 a6 16.Nc3 Nc6
17.Ne2 Nxa5 18.O-O Rc8 19.b4 Nc4 20.Qb1 Ne4 21.Rd1 Ned6 22.c3 Nb5 23.h4 e6
24.h5 Qh4 25.Qc1 Qe7 26.hxg6 hxg6 27.Bxc4 Rxc4 28.Rd3 Rfc8 29.Qd2 f6 30.Bh6 g5
31.Bxg7 Kxg7 32.Re1 Qc7 33.Qe3 Rc6 34.f4 g4 35.f5 exf5 36.Nf4 Qd7 37.Nh5+ Kg6
38.Nf4+ Kf7 39.Qg3 Re8 40.Rde3 Re4 41.Qh4 Kg7 42.Nh5+ Kg6 43.Nf4+ Kg7 44.Nh5+ Kg6
45.Nf4+ Kg7  1/2-1/2

[Event "Biel MTO"]
[Site "Biel"]
[Date "1999.07.21"]
[Round "2"]
[White "Pikula, Dejan"]
[Black "Gurieli, Nino"]
[Result "1/2-1/2"]
[WhiteElo "2480"]
[BlackElo "2351"]

1.e4 g6 2.d4 Bg7 3.Nc3 d6 4.Be3 Nd7 5.Qd2 c6 6.Nf3 b5 7.Bd3 Ngf6 8.h3 O-O
9.a4 b4 10.Ne2 a5 11.Ng3 c5 12.O-O cxd4 13.Nxd4 Bb7 14.Bh6 Nc5 15.Rfe1 e5
16.Nf3 Rc8 17.Nh4 Ne6 18.Rad1 Bxh6 19.Qxh6 Nd4 20.Ne2 Nxc2 21.Bxc2 Rxc2 22.Ng3 Bc8
23.Re3 Kh8 24.Rf3 Rg8 25.Kh2 Bg4 26.Rxf6 Qxf6 27.hxg4 Qf4 28.g5 Rd2 29.Rxd2 Qxd2
30.Nhf5 gxf5 31.f4 Qxf4 32.Qf6+  1/2-1/2

[Event "Dutch Open"]
[Site "Dieren"]
[Date "1999.07.24"]
[Round "5"]
[White "Van Wissen, Michiel E"]
[Black "Jonker, Marc"]
[Result "1-0"]
[WhiteElo "2201"]
[BlackElo "2335"]

1.e4 d6 2.d4 g6 3.Nc3 Bg7 4.f4 a6 5.Nf3 b5 6.Bd3 Bb7 7.O-O Nd7 8.e5 c5 9.Be4 Bxe4
10.Nxe4 cxd4 11.exd6 Qb6 12.f5 gxf5 13.Ng3 e6 14.Qe1 O-O-O 15.a4 Ngf6 16.axb5 axb5
17.Bd2 Qxd6 18.Ng5 Rhf8 19.Ra8+ Kc7 20.Bf4 e5 21.Nxf5 Rxa8 22.Nxd6 Kxd6 23.Bd2 Nc5
24.Bb4 Rac8 25.Rxf6+ Bxf6 26.Ne4+ Kd5 27.Nxf6+ Ke6 28.Nxh7 Rg8 29.Qh4 Rg6  1-0

[Event "Biel MTO"]
[Site "Biel"]
[Date "1999.07.27"]
[Round "8"]
[White "Kunte, Abhijit"]
[Black "Saleh, Nabil"]
[Result "1-0"]
[WhiteElo "2465"]
[BlackElo "2267"]

1.e4 g6 2.d4 Bg7 3.Nc3 d6 4.g3 Nd7 5.Bg2 e5 6.Nge2 Ne7 7.O-O O-O 8.h3 Nb6
9.dxe5 dxe5 10.b3 Be6 11.Ba3 Re8 12.Kh2 Nc6 13.Nd5 Nd4 14.c3 Nb5 15.Bb2 c6
16.Ne3 Qc7 17.a4 Rad8 18.Qc2 Nd6 19.c4 Nd7 20.c5 Nc8 21.b4 a5 22.Ba3 Bf8
23.Rfc1 Bh6 24.Qc3 axb4 25.Bxb4 b6 26.cxb6 Ndxb6 27.a5 Bxe3 28.Qxe3 Nc4 29.Qc5 N8d6
30.a6 Ra8 31.Nc3 Reb8 32.Bf1 Qc8 33.Rd1 Qe8 34.Rxd6 Nxd6 35.Qxd6 f6 36.a7 Rb7
37.Bc5 h5 38.Ra6 Rb3 39.Na4  1-0

[Event "Biel MTO"]
[Site "Biel"]
[Date "1999.07.28"]
[Round "9"]
[White "Saravanan, V."]
[Black "Kalinitschew, Sergey"]
[Result "1-0"]
[WhiteElo "2429"]
[BlackElo "2524"]

1.e4 g6 2.d4 Bg7 3.Nc3 d6 4.f4 a6 5.Nf3 b5 6.Bd3 e6 7.O-O Ne7 8.Be3 Nd7 9.f5 exf5
10.exf5 Nf6 11.fxg6 fxg6 12.Qd2 O-O 13.a4 b4 14.Ne4 Rb8 15.Nxf6+ Bxf6 16.Bh6 Bg7
17.Bxg7 Kxg7 18.Ng5 Nf5 19.Bxa6 h6 20.Bxc8 Qxc8 21.Nf3 b3 22.c4 Qd7 23.d5 Kh7
24.Nd4 Ng7 25.Rxf8 Rxf8 26.a5 c5 27.dxc6 Qa7 28.Kh1 Qc5 29.Nf3 Qxc6 30.Qd5 Qa6
31.Nd4 Rf2 32.Nxb3 Rxb2 33.Nd2 h5 34.Ne4 Qa7 35.h4 Nf5 36.Nxd6 Nh6 37.c5 Qe7
38.Qe4 Qf6 39.Re1 Ng8 40.a6 Rf2 41.a7 Rf4 42.Qb7+  1-0

[Event "Aceimar op 6th"]
[Site "Mondariz Balneario"]
[Date "1999.07.29"]
[Round "3"]
[White "Fluvia Poyatos, Joan"]
[Black "Strikovic, Aleksa"]
[Result "1-0"]
[WhiteElo "2335"]
[BlackElo "2518"]

1.e4 g6 2.d4 Bg7 3.Nc3 d6 4.Be3 a6 5.a4 Nd7 6.Bc4 Ngf6 7.f3 O-O 8.Qd2 e5
9.Nge2 exd4 10.Nxd4 Re8 11.O-O c6 12.Rfd1 d5 13.exd5 Nb6 14.Bb3 Nbxd5 15.Nxd5 Nxd5
16.Bf2 a5 17.c3 Be5 18.Bg3 Bxg3 19.hxg3 Qd6 20.Qf2 Bd7 21.Nc2 Qe5 22.f4 Qh5
23.Bxd5 cxd5 24.Ne3 Bc6 25.g4 Qh6 26.Nxd5 Bxd5 27.Rxd5 Re4 28.g5 Qh5 29.Re1 Rc4
30.b3 Rxc3 31.Qb2 Qh4 32.Rde5  1-0

[Event "Lost Boys op"]
[Site "Antwerp"]
[Date "1999.08.01"]
[Round "3"]
[White "Dardha, A."]
[Black "Cuijpers, Frans Andre"]
[Result "0-1"]
[WhiteElo "2151"]
[BlackElo "2450"]

1.e4 g6 2.d4 Bg7 3.Nc3 d6 4.Be3 a6 5.Qd2 Nf6 6.f3 b5 7.g4 h5 8.gxh5 Nxh5
9.Nh3 Nd7 10.O-O-O Nb6 11.Nf2 c6 12.Rg1 Qc7 13.f4 b4 14.Nb1 d5 15.f5 dxe4
16.fxg6 f5 17.Nh3 Nd5 18.Bg5 f4 19.c4 bxc3 20.Nxc3 Bf5 21.Qe1 e3 22.Bg2 Rb8
23.Bxd5 cxd5 24.Nxf4 Nxf4 25.Qxe3 Rxh2 26.Rd2 Rxd2 27.Bxf4 Rbxb2 28.Bxc7 Rbc2+  0-1

[Event "Budapest  Agro GM"]
[Site "Budapest"]
[Date "1999.08.01"]
[Round "3"]
[White "Wittmann, Walter"]
[Black "Ovsejevitsch, Sergei"]
[Result "0-1"]
[WhiteElo "2364"]
[BlackElo "2515"]

1.e4 g6 2.d4 Bg7 3.Nc3 d6 4.f4 Nc6 5.Be3 Nf6 6.Be2 O-O 7.Nf3 e6 8.Qd2 Ne7
9.Ng5 h6 10.Nh3 b6 11.Nf2 c5 12.Bf3 Bb7 13.O-O-O Qb8 14.g4 cxd4 15.Bxd4 e5
16.Be3 d5 17.fxe5 Nxe4 18.Bxe4 dxe4 19.Qd6 Nc6 20.Nfxe4 Nxe5 21.Rhg1 Qxd6
22.Nxd6 Bf3 23.Rd4 Rad8 24.Ndb5 a6 25.Rxd8 Rxd8 26.Nc7 Nc4 27.Bf4 Nxb2 28.Kxb2 Rd4
29.Be3 Rb4+ 30.Ka3 Bxc3 31.Nxa6 Rb2 32.Nc7 b5 33.Rg3 b4+ 34.Ka4 Bc6+ 35.Nb5 Rxa2+
36.Kb3  0-1

[Event "BCF-ch 86th"]
[Site "Scarborough"]
[Date "1999.08.01"]
[Round "1"]
[White "Simons, Martin"]
[Black "Conquest, Stuart"]
[Result "0-1"]
[WhiteElo "2264"]
[BlackElo "2555"]

1.e4 g6 2.d4 d6 3.Nc3 Bg7 4.Be3 c6 5.Qd2 Nd7 6.Nf3 Qc7 7.h4 h6 8.O-O-O b5
9.Bd3 Nb6 10.e5 d5 11.Nh2 h5 12.Rde1 Nh6 13.Bxh6 Bxh6 14.f4 a5 15.g3 b4 16.Nd1 Be6
17.Ne3 Kd7 18.Nf3 Rhb8 19.Ng5 Bxg5 20.hxg5 a4 21.Kd1 c5 22.dxc5 Qxc5 23.f5 gxf5
24.Bxf5 Kc7 25.Bxe6 fxe6 26.c3 Nc4 27.Nxc4 dxc4 28.Rh4 a3 29.Ree4 axb2 30.Qxb2 Qg1+
31.Re1 Rd8+ 32.Rd4 bxc3 33.Qb7+ Kxb7  0-1

[Event "Scandic Hotels CC (Women)"]
[Site "Stockholm"]
[Date "1999.08.01"]
[Round "2"]
[White "Agrest, Svetlana"]
[Black "Klinova, Masha"]
[Result "0-1"]
[WhiteElo "2204"]
[BlackElo "2359"]

1.e4 d6 2.d4 g6 3.Nc3 Bg7 4.g3 Nc6 5.Be3 e5 6.dxe5 Nxe5 7.h3 Be6 8.f4 Nc6
9.Nge2 Nge7 10.Bg2 Qd7 11.Qd2 a6 12.O-O-O O-O-O 13.Nd5 f5 14.exf5 Bxd5 15.Bxd5 Nxd5
16.Qxd5 Rhe8 17.Qf3 gxf5 18.Nd4 Re4 19.c3 Rde8 20.Bf2 Nxd4 21.Bxd4 Bxd4 22.Rxd4 Re3
23.Qg2 Qe6 24.Kb1 Rg8 25.g4 fxg4 26.hxg4 Rxg4 27.Qd5 Qxd5 28.Rxd5 Rxf4 29.Rxh7 Rf2
30.Rd1 Ree2 31.Rg1 Rxb2+ 32.Kc1 Rg2 33.Re1 Rbe2 34.Rf1 b5  0-1

[Event "Aceimar op 6th"]
[Site "Mondariz Balneario"]
[Date "1999.08.02"]
[Round "7"]
[White "Andres Gonzalez, Alberto"]
[Black "Strikovic, Aleksa"]
[Result "0-1"]
[WhiteElo "2304"]
[BlackElo "2518"]

1.d4 d6 2.e4 g6 3.Nc3 Bg7 4.Bg5 c6 5.a4 Qb6 6.Nge2 a5 7.Qd2 Nf6 8.f3 Nbd7
9.h4 h5 10.Nc1 e5 11.Nb3 O-O 12.O-O-O exd4 13.Qxd4 Qxd4 14.Nxd4 Re8 15.Nb3 Bf8
16.Nd2 Nh7 17.Nc4 Nxg5 18.hxg5 Re6 19.g3 Ne5 20.Nb6 Rb8 21.Be2 Nd7 22.Nxc8 Rxc8
23.f4 Nc5 24.Bc4 Ree8 25.f5 Kg7 26.Rh4 Re5 27.Rf4 gxf5 28.exf5 Rce8 29.Rf2 Re3
30.Rh1 Re1+ 31.Rxe1 Rxe1+ 32.Kd2 Rg1 33.Rh2 Rxg3 34.Rxh5 d5 35.Bd3 Nxd3 36.cxd3 Bc5
37.g6 fxg6 38.fxg6 Rxg6 39.Re5 Kf7 40.Ne2 Rg4 41.Rh5 Kg6 42.Rh8 Rxa4 43.Kc3 Be7
44.Rb8 Bf6+ 45.d4 Rb4 46.Ra8 b6 47.Rc8 Rc4+ 48.Kd3 a4 49.Re8 Kf7 50.Re3 Rb4  0-1

[Event "Aceimar op 6th"]
[Site "Mondariz Balneario"]
[Date "1999.08.02"]
[Round "7"]
[White "Fluvia Poyatos, Joan"]
[Black "Rocha, Sergio"]
[Result "0-1"]
[WhiteElo "2335"]
[BlackElo "2427"]

1.e4 g6 2.d4 Bg7 3.Nc3 d6 4.Be3 c6 5.Qd2 Nd7 6.a4 Ngf6 7.f3 Qa5 8.g4 e5 9.dxe5 dxe5
10.g5 Nh5 11.Nge2 Nf8 12.Qd6 Ne6 13.b4 Qd8 14.Qxd8+ Kxd8 15.Bh3 Nd4 16.Bxc8 Nxc2+
17.Kd2 Nxa1 18.Bxb7 Nb3+ 19.Kc2 Rb8 20.Bxc6 Nd4+ 21.Bxd4 exd4 22.Nd5 h6 23.h4 hxg5
24.hxg5 d3+ 25.Kxd3 Nf4+ 26.Nexf4 Rxh1 27.Ne2 Rh3 28.Ke3 Bf8 29.b5 Be7 30.Nxe7 Kxe7
31.Nf4 Rh1 32.Kd4 Rg1 33.Nd5+ Kd6 34.f4 Ra1 35.Nc3 Rh8 36.f5 gxf5 37.exf5 Rh4+
38.Ne4+ Ke7 39.Ke5 Rg4 40.Bd5 Rg2 41.Bb3 Rb2 42.Bd5 Rxa4 43.f6+ Kf8 44.g6 Rxe4+
45.Bxe4 Rxb5+ 46.Kd4 fxg6 47.Bxg6 Rb6 48.Bc2 Kf7 49.Kc3 Kxf6 50.Bb3 a5 51.Ba4 Ke5
52.Be8 Kd6 53.Bf7 Kc5 54.Be8 Rb4 55.Bf7 a4 56.Ba2 a3 57.Bb3 Rb8  0-1

[Event "Chania op 9th"]
[Site "Chania"]
[Date "1999.08.04"]
[Round "2"]
[White "Miladinovic, Igor"]
[Black "Papadopoulou, Triantafilia"]
[Result "1-0"]
[WhiteElo "2526"]
[BlackElo "2191"]

1.d4 g6 2.e4 Bg7 3.Nc3 d6 4.Be3 Nf6 5.Qd2 Ng4 6.Bg5 h6 7.Bh4 c6 8.Nf3 Qc7
9.Bg3 O-O 10.e5 h5 11.h3 Nh6 12.Bf4 Nf5 13.O-O-O Rd8 14.e6 fxe6 15.Bc4 b5
16.Bb3 Kh8 17.g4 Nxd4 18.Nxd4 e5 19.Ndxb5 cxb5 20.Bxe5  1-0

[Event "MK Cafe Cup-B"]
[Site "Koszalin"]
[Date "1999.08.04"]
[Round "2"]
[White "Murrey, Jacob"]
[Black "Mista, Aleksander"]
[Result "1/2-1/2"]
[WhiteElo "2475"]
[BlackElo "2269"]

1.d4 g6 2.e4 Bg7 3.Nc3 d6 4.Be2 Nf6 5.e5 Nfd7 6.exd6 cxd6 7.Nf3 O-O 8.O-O Nc6
9.d5 Nce5 10.Nd4 Nf6 11.h3 Qa5 12.Nb3 Qc7 13.a4 a6 14.a5 Bd7 15.Na4 Bxa4
16.Rxa4 Rac8 17.c3 e6 18.f4 Ned7 19.Rc4 Qb8 20.dxe6 fxe6 21.Rxc8 Rxc8 22.Nd4 Re8
23.Re1 Nc5 24.Bf3 d5 25.g4 Nfe4 26.Bg2 Qd8 27.Be3 Nd6 28.Nxe6 Nxe6 29.Qxd5 Nf7
30.Bb6 Qc8 31.Qxb7 Nxf4 32.Qxc8 Rxc8 33.Bb7 Rb8 34.Bxa6 Ne5 35.Re3 Nd5 36.Rxe5 Nxb6
37.Rb5 Nd7 38.Rxb8+ Nxb8 39.Bc4+ Kf8 40.Kf2 Nc6 41.a6 Ke7 42.Ke3 Kd6 43.Ke4 Kc7
44.Kd5 Kb6 45.Be2 Nb8 46.Ke6 Bh6 47.Kf7 Bc1 48.b4  1/2-1/2

[Event "Aceimar op 6th"]
[Site "Mondariz Balneario"]
[Date "1999.08.04"]
[Round "9"]
[White "Reinaldo Castineira, Roi"]
[Black "Rocha, Sergio"]
[Result "1/2-1/2"]
[WhiteElo "2325"]
[BlackElo "2427"]

1.e4 g6 2.d4 Bg7 3.Nc3 d6 4.Be3 c6 5.Qd2 b5 6.Nge2 Nd7 7.a3 Nb6 8.b3 a6 9.g3 d5
10.Bg2 h5 11.h3 Nf6 12.O-O dxe4 13.Nxe4 Nxe4 14.Bxe4 Bxh3 15.Bxc6+ Nd7 16.Rfe1 Rc8
17.Bb7 Rb8 18.Bh1 h4 19.Bg5 hxg3 20.Nxg3 Nf6 21.Qb4 Be6 22.Bc6+ Kf8 23.Rad1 Bd5
24.Bxd5 Nxd5 25.Qd2 Rc8 26.Rc1 f6 27.c4 fxg5 28.cxd5 Rxc1 29.Rxc1 Qxd5 30.Rc5 Qxd4
31.Qc2 Bf6 32.Rc6 a5 33.Qxg6 Qd1+ 34.Kg2 Qd5+ 35.Qe4 Qd7 36.Nf5 Kf7 37.Rb6 Rd8
38.Ne3 Rh8 39.Qd5+ Qxd5+ 40.Nxd5 a4 41.Rxb5 axb3 42.Rxb3 Ra8 43.Ne3 Bd4 44.Nc2 Bc5
45.Rb5  1/2-1/2

[Event "BCF-ch 86th"]
[Site "Scarborough"]
[Date "1999.08.04"]
[Round "4"]
[White "Buckley, Simon T"]
[Black "Davies, Nigel R"]
[Result "1-0"]
[WhiteElo "2216"]
[BlackElo "2518"]

1.e4 g6 2.d4 d6 3.Nc3 Bg7 4.Nf3 Nd7 5.Be3 a6 6.Qd2 b5 7.Bd3 Bb7 8.a4 b4 9.Ne2 Rb8
10.Ng3 h5 11.Ng5 e6 12.f4 h4 13.Ne2 Ngf6 14.f5 gxf5 15.exf5 e5 16.dxe5 Nxe5
17.O-O c5 18.b3 Qd7 19.Nf4 Bh6 20.Nfh3 Nd5 21.f6 Nxe3 22.Qxe3 Qg4 23.Qd2 Rg8
24.Rf4 Qxg2+ 25.Qxg2 Bxg2 26.Kxg2 Bxg5 27.Nxg5 Rxg5+ 28.Kf2 Kd7 29.Bxa6 Ng4+
30.Ke2 Nxh2 31.Rxh4 Rg2+ 32.Kd3 Nf3 33.Rf4 Ne5+ 34.Ke4 Rxc2 35.Bf1 Rc3 36.a5 Rxb3
37.a6 Ra3 38.Rxa3 bxa3 39.Kf5 Nc6 40.Ra4 Rb4 41.Rxa3 Rb8 42.Bc4 Kc7 43.Bxf7 Kb6
44.a7 Ra8 45.Bd5 c4 46.Bxc4 Ne5 47.Bd5 Rxa7 48.Rxa7 Kxa7 49.Ke6 Kb6 50.Kxd6 Ng6
51.f7  1-0

[Event "Budapest  Agro GM"]
[Site "Budapest"]
[Date "1999.08.06"]
[Round "8"]
[White "Borgo, Giulio"]
[Black "Ovsejevitsch, Sergei"]
[Result "1/2-1/2"]
[WhiteElo "2444"]
[BlackElo "2515"]

1.e4 g6 2.d4 Bg7 3.Nc3 d6 4.Be3 Nd7 5.Qd2 a6 6.h3 b5 7.a4 b4 8.Nce2 Ngf6
9.Ng3 O-O 10.Nf3 c5 11.c3 bxc3 12.bxc3 cxd4 13.cxd4 Bb7 14.Bd3 d5 15.e5 Ne4
16.Bxe4 dxe4 17.Ng5 Nb6 18.Qa5 Nc4 19.Qxd8 Raxd8 20.N5xe4 f5 21.exf6 exf6
22.O-O f5 23.Nc5 Bd5 24.Ne2 Rfe8 25.Bg5 Rc8 26.Rae1 Bf7 27.Nd7 h6 28.Bc1 Re7
29.Ne5 Nxe5 30.dxe5 Rxe5 31.Nf4 g5 32.Nd3 Ra5 33.Bb2 Bxb2 34.Nxb2 Rc2 35.Nd3 Rxa4
36.Re7 Re4 37.Ne5 Rce2 38.Rxf7 Rxe5 39.Rf6 Re6 40.Rxf5 R2e5 41.Rxe5 Rxe5
42.f4 Rf5  1/2-1/2

[Event "MK Cafe Cup-B"]
[Site "Koszalin"]
[Date "1999.08.06"]
[Round "4"]
[White "Michalski, Olaf"]
[Black "Rosenbeiger, Alan"]
[Result "1-0"]
[WhiteElo "2331"]
[BlackElo "2156"]

1.d4 g6 2.e4 d6 3.Nc3 Bg7 4.Be3 c6 5.Qd2 Nd7 6.Nge2 b5 7.Rd1 Nb6 8.b3 Bd7
9.g3 Qc8 10.h3 h5 11.Bg2 Rb8 12.Nf4 h4 13.g4 g5 14.Nh5 Bf8 15.Bxg5 Bxg4 16.hxg4 Qxg4
17.Ng3 Bg7 18.Bf3 hxg3 19.Bxg4 Rxh1+ 20.Ke2 g2 21.Qc1 Bxd4 22.Rxh1 gxh1=Q
23.Qxh1 Bxc3 24.Qh7 Kf8 25.Bh5 Bg7 26.Qf5 Bf6 27.f4 e6 28.Qh7 Bg7 29.f5 exf5
30.Qxf5 Rb7 31.Bd8 Nh6 32.Qh3 Nd7 33.Bg5 Ng8 34.Qf5 Ngf6 35.Bf3 Ke7 36.e5 dxe5
37.Bxc6 Rc7 38.Bxd7 Rxd7 39.Qxe5+ Kf8 40.Bxf6 Bxf6 41.Qxf6  1-0

[Event "Mipap Cup"]
[Site "Olomouc"]
[Date "1999.08.06"]
[Round "1"]
[White "Simacek, Pavel"]
[Black "Petran, Peter"]
[Result "1-0"]
[WhiteElo "2346"]
[BlackElo "2407"]

1.e4 g6 2.d4 Bg7 3.Nc3 d6 4.Be2 Nc6 5.Nf3 Bg4 6.d5 Bxf3 7.Bxf3 Ne5 8.Be2 Nf6
9.O-O c6 10.Be3 O-O 11.f4 Ned7 12.Bf3 cxd5 13.exd5 a6 14.Ne2 Rc8 15.b3 b5
16.a4 b4 17.Nd4 Nb8 18.a5 Nfd7 19.Ra4 Nc5 20.Rxb4 Qxa5 21.Rc4 Ncd7 22.Qd3 Rxc4
23.Qxc4 Nb6 24.Qc7 Rc8 25.Qxe7 Nxd5 26.Qb7 Qc3 27.Bxd5 Qxe3+ 28.Kh1 Rf8 29.Nf3 Qxf4
30.g3 Qf5 31.Nd2 Qd7 32.Rxf7 Rxf7 33.Qxb8+ Bf8 34.Qb6 Kg7 35.Bxf7 Qxf7 36.Qd4+ Qf6
37.Nf3 Qxd4 38.Nxd4 d5 39.Ne6+ Kf7 40.Nc7 d4  1-0

[Event "Mipap Cup"]
[Site "Olomouc"]
[Date "1999.08.06"]
[Round "1"]
[White "Klima, Lukas"]
[Black "Van Wissen, Michiel E"]
[Result "1-0"]
[WhiteElo "2310"]
[BlackElo "2201"]

1.e4 g6 2.d4 Bg7 3.Nc3 d6 4.Nf3 a6 5.a4 b6 6.Bd3 Nd7 7.O-O Bb7 8.Re1 c5 9.d5 Ngf6
10.h3 O-O 11.Bg5 Qc7 12.Qd2 Ne5 13.Nxe5 dxe5 14.Bxf6 Bxf6 15.Bc4 Qd6 16.Rad1 Bg7
17.Qe2 Kh8 18.Nb1 f5 19.Nd2 Qf6 20.Bd3 f4 21.c3 Bc8 22.b4 cxb4 23.cxb4 Bd7
24.a5 b5 25.Rc1 g5 26.Qf3 Bh6 27.Rc5 Rg8 28.Be2 g4 29.hxg4 Bxg4 30.Qxg4 Rxg4
31.Bxg4 e6 32.Bxe6 Bf8 33.Rec1 Qd8 34.Rc7 Bxb4 35.Nf3 Qf6 36.Rf7 Qh6 37.Rcc7 Bxa5
38.Rcd7 Bc3 39.Bf5 Qb6 40.Rxh7+ Kg8 41.Be6+  1-0

[Event "BCF-ch 86th"]
[Site "Scarborough"]
[Date "1999.08.06"]
[Round "6"]
[White "Richards, Heather"]
[Black "McFarland, Robert"]
[Result "0-1"]
[WhiteElo "2117"]
[BlackElo "2267"]

1.e4 g6 2.d4 Bg7 3.Nc3 d6 4.Be3 a6 5.Qd2 Nd7 6.Nf3 b5 7.a4 b4 8.Ne2 c5 9.c3 bxc3
10.bxc3 Qa5 11.Ng3 Ngf6 12.h3 Bb7 13.Bd3 O-O 14.O-O c4 15.Bb1 e5 16.d5 Nc5
17.Bh6 Bc8 18.Qg5 Qxc3 19.Bxg7 Kxg7 20.Nh4 Ng8 21.Ra2 h6 22.Rc1 hxg5 23.Rxc3 gxh4
24.Ne2 Rb8 25.Bc2 a5 26.Kh2 Nf6 27.f3 Rb4 28.Nc1 Bd7 29.Ne2 Rfb8 30.Nc1 Bc8
31.Ra1 Ba6 32.Ne2 Nh5 33.Ra2 Nb3 34.Ra3 Nd4 35.Nc1 Nf4 36.Bd1 Rb1 37.Bc2 Rxc1  0-1

[Event "Chania op 9th"]
[Site "Chania"]
[Date "1999.08.08"]
[Round "6"]
[White "Mastrovasilis, Dimitrios"]
[Black "Nenashev, Alexander"]
[Result "0-1"]
[WhiteElo "2384"]
[BlackElo "2584"]

1.e4 g6 2.d4 Bg7 3.Nc3 d6 4.Bg5 Nd7 5.f4 c5 6.d5 Ngf6 7.Nf3 O-O 8.Nd2 Nh5
9.g3 f6 10.Bh4 Bh6 11.Be2 Ng7 12.Nf3 Nb6 13.O-O Bh3 14.Rf2 e5 15.Qd2 Qd7
16.Ng5 fxg5 17.fxg5 Rxf2 18.Kxf2 Nf5 19.exf5 Qxf5+ 20.Kg1 Bg7 21.Bd3 e4 22.Bxe4 Qf7
23.Qe2 Re8 24.Qf3 Bd4+ 25.Kh1 Bxc3 26.bxc3 Qe7 27.Re1 Bf5  0-1

[Event "BCF-ch 86th"]
[Site "Scarborough"]
[Date "1999.08.09"]
[Round "8"]
[White "Greet, Andrew"]
[Black "McFarland, Robert"]
[Result "0-1"]
[WhiteElo "2215"]
[BlackElo "2267"]

1.e4 g6 2.d4 Bg7 3.Nc3 d6 4.Be3 a6 5.Nf3 Nd7 6.Bd3 b5 7.a4 b4 8.Ne2 c5 9.c3 bxc3
10.bxc3 Ngf6 11.h3 O-O 12.O-O e6 13.Rb1 Qc7 14.Qd2 Bb7 15.Ng3 Bc6 16.Bh6 Bxa4
17.Ra1 Bc6 18.Qg5 c4 19.Bc2 Rfb8 20.d5 Bxh6 21.Qxh6 exd5 22.e5 dxe5 23.Nf5 gxf5
24.Bxf5 Qd8 25.Ng5 Nf8 26.Rfe1 e4 27.Re3 Ng6 28.Nxh7 Nxh7 29.Bxg6 fxg6 30.Qxg6+ Kh8
31.Qxc6 Rb6 32.Qc5 Qd6 33.Qd4+ Nf6 34.f3 Kg8 35.Rd1 Re8 36.f4 Rc6 37.Rg3+ Kf7
38.Qe3 Qc5 39.Rd4 a5 40.f5 Rg8 41.Rxg8 Nxg8 42.Qg5 a4 43.g4 a3 44.Kg2 a2
45.Rd1 Qa3 46.Qh5+ Kf8 47.Rxd5 Qb2+ 48.Kg3 Qxc3+ 49.Kh2 Qb2+  0-1